[Event "25. Torneo Magistral de Elgoibar 2015"]
[Site "Elgoibar ESP"]
[Date "2015.12.17"]
[Round "5.5"]
[White "Vega Gutierrez, Sabrina"]
[Black "Astasio Lopez, David"]
[Result "1/2-1/2"]
[WhiteElo "2404"]
[BlackElo "2419"]
[PlyCount "116"]
[EventDate "2015.12.14"]
[EventType "tourn"]
[EventRounds "9"]
[EventCountry "ESP"]
[Source "lmi"]
[SourceDate "2015.12.14"]

1. e4 c5 2. Nf3 e6 3. d4 cxd4 4. Nxd4 Nf6 5. Nc3 Nc6 6. a3 Be7 7. f4 d5 8. e5
Nxd4 9. Qxd4 Nd7 10. Qf2 O-O 11. Bd3 f6 12. exf6 Nxf6 13. O-O Ng4 14. Qe2 Bc5+
15. Kh1 Nxh2 16. Qh5 Rf6 17. Qxh7+ Kf7 18. Qh5+ Kg8 19. Qh7+ Kf7 20. Qh5+ Ke7
21. Nxd5+ exd5 22. Re1+ Be6 23. f5 Qh8 24. Rxe6+ Rxe6 25. Bg5+ Kd6 26. Qxh2+
Qxh2+ 27. Kxh2 Ree8 28. Kg3 Be3 29. Bxe3 Rxe3+ 30. Kf4 Rae8 31. Rh1 R8e7 32.
Rh8 Re1 33. Rd8+ Rd7 34. Rh8 a6 35. Rf8 Ke7 36. Rb8 Kf7 37. g4 Rg1 38. g5 Ke7
39. g6 Re1 40. Rg8 Kd6 41. Rf8 Rde7 42. f6 gxf6 43. Rxf6+ R1e6 44. Kg5 Ke5 45.
Rxe6+ Kxe6 46. Bf5+ Ke5 47. Bg4 d4 48. Bf5 a5 49. a4 Rg7 50. Bd3 Rc7 51. b3 Re7
52. Bc4 Rc7 53. Bd3 Re7 54. Bc4 Rc7 55. Bd3 Re7 56. Bc4 Rc7 57. Bd3 Re7 58. Bb5
Rg7 1/2-1/2

[Event "25. Torneo Magistral de Elgoibar 2015"]
[Site "Elgoibar ESP"]
[Date "2015.12.18"]
[Round "6.1"]
[White "Pap, Misa"]
[Black "Astasio Lopez, David"]
[Result "1-0"]
[WhiteElo "2494"]
[BlackElo "2419"]
[PlyCount "73"]
[EventDate "2015.12.14"]
[EventType "tourn"]
[EventRounds "9"]
[EventCountry "ESP"]
[Source "lmi"]
[SourceDate "2015.12.14"]

1. e4 c5 2. Nf3 Nc6 3. d4 cxd4 4. Nxd4 e6 5. Nc3 Nf6 6. Ndb5 Bb4 7. a3 Bxc3+ 8.
Nxc3 d5 9. exd5 exd5 10. Bd3 O-O 11. O-O d4 12. Ne2 Bg4 13. f3 Bh5 14. Nf4 Bg6
15. Nxg6 hxg6 16. f4 Ne7 17. Qf3 Qd7 18. Re1 Rfe8 19. Bd2 Nf5 20. h3 Rxe1+ 21.
Rxe1 Re8 22. Rxe8+ Nxe8 23. Qe4 a6 24. g4 Nf6 25. Qf3 Ne7 26. Kg2 Nc6 27. Qe2
Qd6 28. Kh2 Qd7 29. Bc4 Ne8 30. Qe4 Nf6 31. Qxg6 b5 32. Bb3 Qe7 33. Qd3 Ne4 34.
Bd5 Nxd2 35. Qxd2 Nd8 36. Kg3 g6 37. Kf3 1-0

[Event "25. Torneo Magistral de Elgoibar 2015"]
[Site "Elgoibar ESP"]
[Date "2015.12.18"]
[Round "6.2"]
[White "Borya, Ider"]
[Black "Vega Gutierrez, Sabrina"]
[Result "1-0"]
[WhiteElo "2460"]
[BlackElo "2404"]
[PlyCount "63"]
[EventDate "2015.12.14"]
[EventType "tourn"]
[EventRounds "9"]
[EventCountry "ESP"]
[Source "lmi"]
[SourceDate "2015.12.14"]

1. Nf3 Nf6 2. g3 d5 3. Bg2 g6 4. d4 Bg7 5. O-O O-O 6. c3 a5 7. Bf4 a4 8. Qc1
Bg4 9. Bh6 Bxf3 10. Bxf3 c5 11. Bxg7 Kxg7 12. dxc5 e5 13. Rd1 e4 14. Bg2 Ra5
15. Nd2 e3 16. fxe3 Rxc5 17. Qc2 Qb6 18. Nf1 Re8 19. Rd4 a3 20. bxa3 Nc6 21.
Rf4 Ne5 22. Rb1 Qc6 23. Rb3 Nc4 24. Qb1 b5 25. Qd3 Na5 26. Rbb4 Rxc3 27. Qxb5
Rxa3 28. Rxf6 Kxf6 29. Rf4+ Kg7 30. Rxf7+ Kh8 31. Qb4 Qc3 32. Rf8+ 1-0

[Event "25. Torneo Magistral de Elgoibar 2015"]
[Site "Elgoibar ESP"]
[Date "2015.12.18"]
[Round "6.3"]
[White "Etchegaray, Patrice"]
[Black "Barrenechea Bahamonde, Gustavo"]
[Result "1-0"]
[WhiteElo "2381"]
[BlackElo "2127"]
[PlyCount "65"]
[EventDate "2015.12.14"]
[EventType "tourn"]
[EventRounds "9"]
[EventCountry "ESP"]
[Source "lmi"]
[SourceDate "2015.12.14"]

1. d4 d5 2. Nf3 e6 3. c4 c5 4. cxd5 exd5 5. g3 Nc6 6. Bg2 Nf6 7. O-O Be7 8.
dxc5 Bxc5 9. Bg5 O-O 10. Nc3 d4 11. Bxf6 Qxf6 12. Nd5 Qd8 13. Nd2 Re8 14. Rc1
Bf8 15. Nc4 Bg4 16. Re1 Rc8 17. h3 Bxh3 18. Bxh3 Qxd5 19. Bxc8 Rxc8 20. e4 Qd7
21. Qh5 Rd8 22. Ne5 Qe6 23. Nxc6 bxc6 24. Qa5 Rd6 25. a3 Qb3 26. Qd2 h5 27. e5
Rd5 28. Rxc6 h4 29. Qc2 Qb5 30. Qc4 Rxe5 31. Qxb5 Rxb5 32. Rc8 hxg3 33. fxg3
1-0

[Event "25. Torneo Magistral de Elgoibar 2015"]
[Site "Elgoibar ESP"]
[Date "2015.12.18"]
[Round "6.4"]
[White "Kobo, Ori"]
[Black "Gonzalez De La Torre, Santiago"]
[Result "1/2-1/2"]
[WhiteElo "2430"]
[BlackElo "2431"]
[PlyCount "320"]
[EventDate "2015.12.14"]
[EventType "tourn"]
[EventRounds "9"]
[EventCountry "ESP"]
[Source "lmi"]
[SourceDate "2015.12.14"]

1. e4 c5 2. Nf3 e6 3. d4 cxd4 4. Nxd4 a6 5. c4 Nf6 6. Nc3 Qc7 7. Be2 Bb4 8. O-O
O-O 9. Bg5 Bxc3 10. Bxf6 Bxb2 11. Qd2 Bxd4 12. Bxd4 d6 13. Rfd1 Nd7 14. Be3 Nf6
15. f3 Ne8 16. Rab1 f6 17. Bf4 e5 18. Qd5+ Rf7 19. Be3 Qc6 20. Qxc6 bxc6 21. c5
Be6 22. Rb6 Bxa2 23. cxd6 Rd7 24. Rxc6 a5 25. Bc5 Bb3 26. Rd2 a4 27. Bb5 Nxd6
28. Bxd6 a3 29. Rc1 Rdd8 30. Rd3 a2 31. Rxb3 a1=Q 32. Bc4+ Kh8 33. Rxa1 Rxa1+
34. Kf2 h5 35. Rb6 h4 36. f4 Rc8 37. Rb8 Rxb8 38. Bxb8 exf4 39. Bxf4 Ra3 40.
Be3 Rc3 41. Be6 Ra3 42. Kf3 g5 43. Bh3 Kg7 44. Bf5 Kf7 45. Bh3 Kg7 46. Be6 Kg6
47. Bd5 f5 48. exf5+ Kxf5 49. h3 Ke5 50. Bc6 Kf5 51. Be4+ Ke5 52. Bb7 Kf5 53.
Bc8+ Ke5 54. Bg4 Rb3 55. Kf2 Kf6 56. Bd1 Ra3 57. Kf3 Kf5 58. Bc2+ Ke5 59. Ke2
Kf6 60. Bd4+ Ke6 61. Bd3 Ra2+ 62. Kf3 Rd2 63. Bc4+ Kf5 64. Be3 Rd6 65. Bb3 Rc6
66. Bd2 Rc8 67. Bd5 Re8 68. Bc6 Re7 69. Be3 Rf7 70. Bd5 Re7 71. Bc4 Rd7 72. Ba6
Rd8 73. Bb6 Rd2 74. Bc8+ Kf6 75. Be3 Ra2 76. Bb7 Ra4 77. Bc6 Rc4 78. Be4 Rc3
79. Ke2 Ra3 80. Bd4+ Ke6 81. Bd3 Ra2+ 82. Ke3 Rxg2 83. Bc4+ Kd6 84. Bf1 Rg1 85.
Ke2 Rg3 86. Bf2 Ra3 87. Be3 Ke5 88. Bxg5 Kf5 89. Bxh4 Ra4 90. Bg3 Ra3 91. Bd6
Ra6 92. Bc5 Ra5 93. Bd4 Ra4 94. Bg1 Kf4 95. Bh2+ Kg5 96. Bg3 Ra3 97. Be1 Kf4
98. Kf2 Kg5 99. Bg2 Kh4 100. Kg1+ Kg5 101. Kh2 Rd3 102. Bb4 Kf4 103. Ba5 Rd7
104. Bb6 Rd3 105. Bc7+ Kg5 106. Be5 Kf5 107. Bg7 Rd7 108. Bh6 Rh7 109. Bd2 Rd7
110. Bb4 Rd4 111. Bc5 Rc4 112. Bg1 Rc1 113. Bf2 Rc2 114. Bg3 Rc3 115. Bh4 Rc4
116. Be7 Rc7 117. Bd8 Rd7 118. Bb6 Rd6 119. Bc5 Rd3 120. Bf1 Rd5 121. Be3 Rd1
122. Kg2 Ke4 123. Bg5 Rd5 124. Bh4 Kf4 125. Bg3+ Kg5 126. h4+ Kf6 127. Be2 Ra5
128. Bf3 Ra7 129. Bf4 Kf5 130. Be3 Ra3 131. Bg5 Ra7 132. Kg3 Ra3 133. Be7 Re3
134. Bd6 Rd3 135. Bf4 Rd8 136. Bg4+ Ke4 137. Be6 Rd1 138. Bg5 Rg1+ 139. Kf2 Ra1
140. Kg2 Ke5 141. Bg4 Ra2+ 142. Kg3 Ra3+ 143. Bf3 Kf5 144. Bf4 Ra7 145. Bh6 Ra6
146. Bg5 Ra3 147. Bc1 Ra1 148. Bb2 Ra2 149. Bd4 Ra4 150. Bc5 Ra5 151. Bg4+ Ke4
152. Bf8 Ke5 153. Bg7+ Kd6 154. h5 Ke7 155. Kf4 Kf7 156. h6 Kg6 157. Bf3 Kh7
158. Be4+ Kg8 159. Bf5 Ra6 160. Kg5 Rg6+ 1/2-1/2

[Event "25. Torneo Magistral de Elgoibar 2015"]
[Site "Elgoibar ESP"]
[Date "2015.12.18"]
[Round "6.5"]
[White "Muñoz, Miguel"]
[Black "Paunovic, Dragan"]
[Result "1/2-1/2"]
[WhiteElo "2440"]
[BlackElo "2436"]
[PlyCount "23"]
[EventDate "2015.12.14"]
[EventType "tourn"]
[EventRounds "9"]
[EventCountry "ESP"]
[Source "lmi"]
[SourceDate "2015.12.14"]

1. e4 c5 2. Nf3 e6 3. d4 cxd4 4. Nxd4 a6 5. c4 Nf6 6. Nc3 Qc7 7. Be3 b6 8. a3
Bb7 9. f3 Be7 10. Rc1 d6 11. Be2 Nbd7 12. O-O 1/2-1/2

[Event "25. Torneo Magistral de Elgoibar 2015"]
[Site "Elgoibar ESP"]
[Date "2015.12.18"]
[Round "7.1"]
[White "Paunovic, Dragan"]
[Black "Pap, Misa"]
[Result "1/2-1/2"]
[WhiteElo "2436"]
[BlackElo "2494"]
[PlyCount "20"]
[EventDate "2015.12.14"]
[EventType "tourn"]
[EventRounds "9"]
[EventCountry "ESP"]
[Source "lmi"]
[SourceDate "2015.12.14"]

1. Nf3 Nf6 2. c4 c5 3. g3 g6 4. Bg2 Bg7 5. O-O O-O 6. Nc3 Nc6 7. a3 d6 8. Rb1
a5 9. d3 h6 10. b3 e5 1/2-1/2

[Event "25. Torneo Magistral de Elgoibar 2015"]
[Site "Elgoibar ESP"]
[Date "2015.12.18"]
[Round "7.2"]
[White "Gonzalez De La Torre, Santiago"]
[Black "Muñoz, Miguel"]
[Result "1/2-1/2"]
[WhiteElo "2431"]
[BlackElo "2440"]
[PlyCount "55"]
[EventDate "2015.12.14"]
[EventType "tourn"]
[EventRounds "9"]
[EventCountry "ESP"]
[Source "lmi"]
[SourceDate "2015.12.14"]

1. e4 d5 2. exd5 Qxd5 3. Nc3 Qa5 4. d4 Nf6 5. Nf3 Nc6 6. Bd2 a6 7. Bc4 Qh5 8.
Ne2 Bg4 9. Ng3 Bxf3 10. gxf3 Qh4 11. c3 e5 12. Qa4 exd4 13. O-O-O Bd6 14. Nf5
Qh3 15. Rhe1+ Kf8 16. Nxd6 cxd6 17. Bb5 Ne5 18. Qxd4 Nxf3 19. Qxd6+ Kg8 20. Bg5
h5 21. Bxf6 Nxe1 22. Bd7 Qf3 23. Bd4 Nd3+ 24. Kc2 Qe2+ 25. Rd2 Ne1+ 26. Kc1
Nd3+ 27. Kc2 Ne1+ 28. Kc1 1/2-1/2

[Event "25. Torneo Magistral de Elgoibar 2015"]
[Site "Elgoibar ESP"]
[Date "2015.12.18"]
[Round "7.3"]
[White "Barrenechea Bahamonde, Gustavo"]
[Black "Kobo, Ori"]
[Result "0-1"]
[WhiteElo "2127"]
[BlackElo "2430"]
[PlyCount "80"]
[EventDate "2015.12.14"]
[EventType "tourn"]
[EventRounds "9"]
[EventCountry "ESP"]
[Source "lmi"]
[SourceDate "2015.12.14"]

1. e4 e6 2. d4 d5 3. e5 c5 4. c3 Nc6 5. Nf3 Nh6 6. dxc5 Bxc5 7. b4 Bb6 8. Bxh6
gxh6 9. b5 Ne7 10. Bd3 Ng6 11. O-O f6 12. Bxg6+ hxg6 13. Qd3 f5 14. c4 dxc4 15.
Qxc4 Rh7 16. Nbd2 Rc7 17. Qe2 Bd7 18. a4 Rac8 19. a5 Bc5 20. Rfd1 Qe7 21. Nb3
g5 22. Nfd4 Kf8 23. h3 Kg7 24. Rd2 Bb4 25. Rd3 Be8 26. Rad1 Rd7 27. f4 gxf4 28.
Qf3 Rcd8 29. Qxf4 Kh7 30. Rg3 Qf7 31. Rf1 Bxa5 32. Kh1 Bb6 33. Nf3 Rd3 34. Qh4
Qh5 35. Qf6 Qf7 36. Qh4 Rxf3 37. Rgxf3 Bxb5 38. Re1 Rg8 39. Nd4 Qg6 40. Rg1 Bc6
0-1

[Event "25. Torneo Magistral de Elgoibar 2015"]
[Site "Elgoibar ESP"]
[Date "2015.12.18"]
[Round "7.5"]
[White "Astasio Lopez, David"]
[Black "Borya, Ider"]
[Result "0-1"]
[WhiteElo "2419"]
[BlackElo "2460"]
[PlyCount "100"]
[EventDate "2015.12.14"]
[EventType "tourn"]
[EventRounds "9"]
[EventCountry "ESP"]
[Source "lmi"]
[SourceDate "2015.12.14"]

1. d4 e6 2. Nf3 Nf6 3. Nbd2 d5 4. e3 c5 5. c3 Nc6 6. Bd3 Bd6 7. O-O O-O 8. Qe2
Qc7 9. dxc5 Bxc5 10. b4 Bd6 11. Bb2 e5 12. e4 Re8 13. exd5 Nxd5 14. Bxh7+ Kxh7
15. Qe4+ Kg8 16. Qxd5 Bf5 17. Ne4 Bf8 18. Rfe1 Rad8 19. Qc4 Be6 20. Qe2 f6 21.
a3 Ne7 22. Rad1 Nd5 23. Qc2 Qf7 24. Bc1 Nb6 25. Rxd8 Rxd8 26. Ned2 Nd5 27. c4
Nf4 28. c5 Qh5 29. Re3 Qg4 30. Ne1 Ne2+ 31. Kf1 Nd4 32. Qc3 Qd1 33. Nc4 Nb5 34.
Qc2 Qxc2 35. Nxc2 Bxc4+ 36. Ke1 Nc7 37. Rc3 Bb5 38. Ne3 Nd5 39. Nxd5 Rxd5 40.
f3 a6 41. Kf2 Kf7 42. Rc2 Ke6 43. Rc3 Rd1 44. Ke3 g6 45. Kf2 f5 46. g3 Bg7 47.
Be3 e4 48. Rc2 Rf1+ 49. Kg2 Rxf3 50. Bf2 Rxa3 0-1

[Event "25. Torneo Magistral de Elgoibar 2015"]
[Site "Elgoibar ESP"]
[Date "2015.12.19"]
[Round "8.2"]
[White "Etchegaray, Patrice"]
[Black "Astasio Lopez, David"]
[Result "1/2-1/2"]
[WhiteElo "2381"]
[BlackElo "2419"]
[PlyCount "26"]
[EventDate "2015.12.14"]
[EventType "tourn"]
[EventRounds "9"]
[EventCountry "ESP"]
[Source "lmi"]
[SourceDate "2015.12.14"]

1. e4 c5 2. Nf3 e6 3. d4 cxd4 4. Nxd4 Nf6 5. Nc3 Nc6 6. Ndb5 Bb4 7. a3 Bxc3+ 8.
Nxc3 d5 9. exd5 exd5 10. Bd3 d4 11. Ne2 Bf5 12. O-O Bxd3 13. Qxd3 O-O 1/2-1/2

[Event "25. Torneo Magistral de Elgoibar 2015"]
[Site "Elgoibar ESP"]
[Date "2015.12.19"]
[Round "8.3"]
[White "Kobo, Ori"]
[Black "Vega Gutierrez, Sabrina"]
[Result "1-0"]
[WhiteElo "2430"]
[BlackElo "2404"]
[PlyCount "71"]
[EventDate "2015.12.14"]
[EventType "tourn"]
[EventRounds "9"]
[EventCountry "ESP"]
[Source "lmi"]
[SourceDate "2015.12.14"]

1. e4 c5 2. Nf3 Nc6 3. d4 cxd4 4. Nxd4 Nf6 5. Nc3 e5 6. Ndb5 d6 7. Bg5 a6 8.
Na3 b5 9. Bxf6 gxf6 10. Nd5 Bg7 11. g3 f5 12. exf5 Bxf5 13. Bg2 Be6 14. c3 O-O
15. O-O Rb8 16. Nc2 a5 17. Nce3 f5 18. Qh5 Ne7 19. f4 e4 20. Nxe7+ Qxe7 21. g4
Qa7 22. Rae1 b4 23. Kh1 bxc3 24. bxc3 Bxc3 25. Re2 d5 26. gxf5 Bf7 27. Qh3 Rb2
28. Rxb2 Bxb2 29. Ng4 Kh8 30. Ne5 Qe7 31. Qh6 Be8 32. Bh3 e3 33. Rg1 d4 34. Bg2
Bc3 35. Bd5 e2 36. f6 1-0

[Event "25. Torneo Magistral de Elgoibar 2015"]
[Site "Elgoibar ESP"]
[Date "2015.12.19"]
[Round "8.4"]
[White "Muñoz, Miguel"]
[Black "Barrenechea Bahamonde, Gustavo"]
[Result "1-0"]
[WhiteElo "2440"]
[BlackElo "2127"]
[PlyCount "49"]
[EventDate "2015.12.14"]
[EventType "tourn"]
[EventRounds "9"]
[EventCountry "ESP"]
[Source "lmi"]
[SourceDate "2015.12.14"]

1. e4 e5 2. d4 exd4 3. Qxd4 Nc6 4. Qe3 Nf6 5. Bd2 Be7 6. c4 O-O 7. Nc3 a6 8.
O-O-O b5 9. f4 d6 10. Nf3 bxc4 11. Bxc4 Na5 12. Bd3 c5 13. e5 d5 14. exf6 Bxf6
15. Qxc5 Be6 16. f5 Rc8 17. Qb4 Rb8 18. Qa3 Be7 19. Qa4 Nc4 20. Bxc4 Bd7 21.
Qc2 dxc4 22. Nd5 Bc5 23. Be3 Qc8 24. g4 Bc6 25. Ne5 1-0

[Event "25. Torneo Magistral de Elgoibar 2015"]
[Site "Elgoibar ESP"]
[Date "2015.12.19"]
[Round "8.5"]
[White "Paunovic, Dragan"]
[Black "Gonzalez De La Torre, Santiago"]
[Result "1/2-1/2"]
[WhiteElo "2436"]
[BlackElo "2431"]
[PlyCount "48"]
[EventDate "2015.12.14"]
[EventType "tourn"]
[EventRounds "9"]
[EventCountry "ESP"]
[Source "lmi"]
[SourceDate "2015.12.14"]

1. d4 Nf6 2. Nf3 c5 3. g3 cxd4 4. Nxd4 e5 5. Nb3 d5 6. Bg2 Nc6 7. O-O Be7 8. c4
d4 9. e3 Be6 10. exd4 Bxc4 11. Re1 O-O 12. N1d2 Be6 13. dxe5 Ng4 14. Nf3 Ngxe5
15. Nxe5 Qxd1 16. Rxd1 Nxe5 17. Bxb7 Rad8 18. Be3 Nc4 19. Bxa7 Nxb2 20. Rxd8
Rxd8 21. Bd4 Bxb3 22. Bxb2 Be6 23. Be5 Rd2 24. Bf4 Rxa2 1/2-1/2

[Event "25. Torneo Magistral de Elgoibar 2015"]
[Site "Elgoibar ESP"]
[Date "2015.12.20"]
[Round "9.1"]
[White "Gonzalez De La Torre, Santiago"]
[Black "Pap, Misa"]
[Result "1/2-1/2"]
[WhiteElo "2431"]
[BlackElo "2494"]
[PlyCount "40"]
[EventDate "2015.12.14"]
[EventType "tourn"]
[EventRounds "9"]
[EventCountry "ESP"]
[Source "lmi"]
[SourceDate "2015.12.14"]

1. e4 c5 2. Nf3 Nc6 3. d4 cxd4 4. Nxd4 Qb6 5. Nb3 Nf6 6. Nc3 e6 7. a3 Qc7 8.
Bg5 a6 9. f4 h6 10. Bxf6 gxf6 11. g3 b5 12. Bg2 Bb7 13. O-O h5 14. h4 O-O-O 15.
Kh2 Kb8 16. Qe2 Na5 17. Nxa5 Qxa5 18. a4 b4 19. Nd1 Bc5 20. Nf2 d5 1/2-1/2

[Event "25. Torneo Magistral de Elgoibar 2015"]
[Site "Elgoibar ESP"]
[Date "2015.12.20"]
[Round "9.2"]
[White "Barrenechea Bahamonde, Gustavo"]
[Black "Paunovic, Dragan"]
[Result "1/2-1/2"]
[WhiteElo "2127"]
[BlackElo "2436"]
[PlyCount "26"]
[EventDate "2015.12.14"]
[EventType "tourn"]
[EventRounds "9"]
[EventCountry "ESP"]
[Source "lmi"]
[SourceDate "2015.12.14"]

1. e4 e5 2. Nf3 Nc6 3. Bb5 a6 4. Ba4 Nf6 5. O-O Be7 6. Qe1 b5 7. Bb3 d6 8. c3
O-O 9. h3 Re8 10. Ng5 Rf8 11. Nf3 Re8 12. Ng5 Rf8 13. Nf3 Re8 1/2-1/2

[Event "25. Torneo Magistral de Elgoibar 2015"]
[Site "Elgoibar ESP"]
[Date "2015.12.20"]
[Round "9.4"]
[White "Astasio Lopez, David"]
[Black "Kobo, Ori"]
[Result "1/2-1/2"]
[WhiteElo "2419"]
[BlackElo "2430"]
[PlyCount "269"]
[EventDate "2015.12.14"]
[EventType "tourn"]
[EventRounds "9"]
[EventCountry "ESP"]
[Source "lmi"]
[SourceDate "2015.12.14"]

1. d4 Nf6 2. Nf3 g6 3. Nbd2 Bg7 4. e4 d5 5. Bd3 Bg4 6. c3 e6 7. O-O O-O 8. Re1
c5 9. exd5 Nxd5 10. h3 Bxf3 11. Nxf3 cxd4 12. Nxd4 Qb6 13. Nf3 Nc6 14. Qe2 Rac8
15. Bg5 h6 16. Bc1 Rfd8 17. Qe4 Nf6 18. Qe2 Nd5 19. Qe4 Qc5 20. Qh4 Qe7 21.
Qxe7 Ncxe7 22. Be4 b5 23. Bd2 a5 24. a3 Nb6 25. Rad1 Nc4 26. Bc1 g5 27. Kf1 Rb8
28. Ke2 f5 29. Bc2 Nd5 30. Nd4 Bxd4 31. Rxd4 Nf4+ 32. Kf3 Rxd4 33. cxd4 Rc8 34.
Bb1 Kf7 35. b3 Nb6 36. Bxf4 gxf4 37. Kxf4 Rc3 38. b4 Rxa3 39. bxa5 Nd5+ 40. Ke5
Ne7 41. Kd6 Rxa5 42. Bc2 Ra6+ 43. Kd7 Ra7+ 44. Kd6 Ra6+ 45. Kd7 Nd5 46. Bb3
Nf6+ 47. Kc7 Ne4 48. d5 Nc5 49. dxe6+ Ke7 50. Bd5 b4 51. Bc4 Rd6 52. Re5 Nxe6+
53. Bxe6 Rxe6 54. Rxf5 Re2 55. Rf3 Rc2+ 56. Kb6 Rc3 57. Rf4 b3 58. Rb4 Kf6 59.
Kb5 Rc2 60. Rxb3 Rxf2 61. Rg3 h5 62. Kc4 Rd2 63. Kc3 Ra2 64. Rg8 Kf7 65. Rg5
Kf6 66. h4 Ra8 67. Kd3 Re8 68. Kd4 Rh8 69. Ke3 Kf7 70. Kf3 Ke6 71. Ke4 Kf6 72.
Kf4 Kf7 73. Kf5 Rh6 74. Kf4 Rh8 75. g3 Rh6 76. Rf5+ Kg7 77. Ra5 Rf6+ 78. Ke4
Kg6 79. Rg5+ Kh6 80. Rf5 Rg6 81. Kf3 Rb6 82. Re5 Rf6+ 83. Ke4 Rg6 84. Kf4 Rg4+
85. Kf3 Rg6 86. Rf5 Rb6 87. Rd5 Rb3+ 88. Kf4 Rb4+ 89. Ke3 Rb3+ 90. Rd3 Rb6 91.
Kf4 Rb4+ 92. Kf3 Rb6 93. Ke4 Rg6 94. Kf4 Rg4+ 95. Kf3 Rg6 96. Rd4 Rf6+ 97. Rf4
Rb6 98. Re4 Rf6+ 99. Ke3 Rg6 100. Kf4 Rg4+ 101. Kf3 Rg6 102. Re8 Rf6+ 103. Ke4
Rg6 104. Kf4 Rg4+ 105. Kf3 Rb4 106. Re6+ Kg7 107. Re4 Rb6 108. Re5 Kh6 109. Kf4
Rf6+ 110. Rf5 Rg6 111. Rf8 Rg4+ 112. Kf3 Rb4 113. Rf6+ Kg7 114. Re6 Kh7 115.
Re4 Rb6 116. Re5 Kh6 117. Re8 Rb4 118. Re6+ Kg7 119. Rd6 Kh7 120. Rd8 Kh6 121.
Ke3 Rg4 122. Kf2 Rb4 123. Kf3 Rb3+ 124. Kf4 Rb4+ 125. Kf5 Rg4 126. Rh8+ Kg7
127. Rxh5 Rxg3 128. Kf4 Rb3 129. Rd5 Kh6 130. Kf5 Kh5 131. Rd4 Rf3+ 132. Ke4
Rh3 133. Kf5 Rf3+ 134. Ke4 Rh3 135. Kf5 1/2-1/2